书目信息 |
| 题名: |
计算机控制技术及工程应用
|
|
| 作者: | 丁金华 , 田涛 , 林敏 编著 | |
| 分册: | ||
| 出版信息: | 北京 国防工业出版社 2005.08 |
|
| 页数: | 12, 297页 | |
| 开本: | 26cm | |
| 丛书名: | ||
| 单 册: | ||
| 中图分类: | TP273 | |
| 科图分类: | ||
| 主题词: | 计算机控制--ji suan ji kong zhi--高等学校--教材 | |
| 电子资源: | ||
| ISBN: | 7-118-03990-X | |
| 000 | 01002nam0 2200265 450 | |
| 001 | 012006941350 | |
| 005 | 20060919111309.53 | |
| 010 | @a7-118-03990-X@dCNY34.00 | |
| 100 | @a20060618d2005 km y0chiy0120 ea | |
| 101 | 0 | @achi |
| 102 | @aCN@b110000 | |
| 105 | @aa a 000yy | |
| 200 | 1 | @a计算机控制技术及工程应用@Aji suan ji kong zhi ji shu ji gong cheng ying yong@f林敏, 丁金华, 田涛编著@Flin min,ding jin hua,tian tao bian zhu |
| 210 | @a北京@c国防工业出版社@d2005.08 | |
| 215 | @a12, 297页@c图@d26cm | |
| 300 | @a面向21世纪课程教材 | |
| 320 | @a有书目 | |
| 330 | @a本书以PC总线工业控制计算机为主线,阐述了计算机的控制技术及工程应用,包括模拟量输出/输入通道、数字量输入/输出通道、键盘及其接口技术、数据处理技术、控制网络技术等。 | |
| 606 | 0 | @a计算机控制@Aji suan ji kong zhi@x高等学校@j教材 |
| 690 | @aTP273@v4 | |
| 701 | 0 | @a丁金华@Ading jin hua@4编著 |
| 701 | 0 | @a田涛@Atian tao@4编著 |
| 701 | 0 | @a林敏@Alin min@4编著 |
| 801 | 0 | @aCN@bQSSK@c20060919 |
| 905 | @a10447@dTP273@eL515 | |
| 计算机控制技术及工程应用/林敏, 丁金华, 田涛编著.-北京:国防工业出版社,2005.08 |
| 12, 297页:图;26cm |
| 面向21世纪课程教材 |
| ISBN 7-118-03990-X:CNY34.00 |
| 本书以PC总线工业控制计算机为主线,阐述了计算机的控制技术及工程应用,包括模拟量输出/输入通道、数字量输入/输出通道、键盘及其接口技术、数据处理技术、控制网络技术等。 |
| ● |
| 相关链接 |
|
|
|
正题名:计算机控制技术及工程应用
索取号:TP273/L515
 
预约/预借
| 序号 | 登录号 | 条形码 | 馆藏地/架位号 | 状态 | 备注 |
| 1 | 581255 | 205812557 | 自科库301/301自科库 41排7列4层/ [索取号:TP273/L515] | 在馆 | |
| 2 | 581256 | 205812566 | 自科库301/301自科库 41排7列4层/ [索取号:TP273/L515] | 在馆 | |
| 3 | 581257 | 205812575 | 自科二线404/404自科库 12排5列5层/ [索取号:TP273/L515] | 在馆 |